MDQL
is popping MORE tags! Check the
thread
!
Quizzes
Events
Quiz Creation
Community
Videos
Private Events
Remove Ads
Sign In
Join for FREE
Feedback
Dark Mode
Quiz Categories
Sports
Geography
Music
Movies
Television
Just For Fun
Miscellaneous
History
Literature
Language
Science
Gaming
Entertainment
Religion
Holiday
For Kids
Quiz Lab
Recent
Popular Today
Quiz Kudos Today
Editor Picks
Curator Picks
Quizzes by...
Day
Popularity
Type
Ratings
Length
Year
Community
Subscriptions
Recent Discussions
Orange Saloon
Badges
Playlists
Quests
Create
Leaderboards
Showdown
Live 5
Trivia Bingo
Activity
Puzzle Library
Sporcle Events
Private Events
Virtual Trivia
Globe League
Become a Host
Pub Owners
SporcleCon
Opinionation
Our Games
Videos
Blog
Mobile Apps
Partnerships
Remove Ads and Go Orange
Feedback
Music
Pop Music
The Beatles
Song
Album
Lyrics
Bands
Singers
Artist
Clip
Rock
Rap
Classical
Billboard
Country Music
Kpop
Taylor Swift
Music
Pop Music
The Beatles
Song
Album
Lyrics
Bands
Singers
Artist
Clip
Rock
Rap
Classical
Billboard
Country Music
Kpop
Taylor Swift
Random Quiz
Search Sporcle
×
Quiz Lab
Quiz Lab
Music
Lyrics
Type in answers that appear in a list
Type in answers that appear in a list
Classic
Best Score? Go Orange.
'Electric Eye' Lyrics Stats
Do you know the lyrics to 'Electric Eye' by Judas Priest?
By
clinteldorado
5m
181 Questions
287 Plays
287 Plays
287 Plays
Comments
Comments
Give Quiz Kudos
Give Quiz Kudos
-
- Ratings
hide this ad
Replay
Link that replays current quiz
Next Quiz
Link to next quiz in quiz playlist
You Got
0%
They Got
Avg Score
77%
Avg Friend Score
Upgrade to see
Score Distribution
Jump to the score distribution portion of the page
Score
0/181
Timer
05:00
0
Plays Today
% Correct
I
98.6%
I
98.6%
I
98.6%
I
98.6%
I
98.6%
I
98.6%
I
98.6%
I
98.6%
I
98.6%
electric
97.9%
electric
97.9%
eye
97.9%
electric
97.9%
electric
97.9%
eye
97.9%
Electric
97.9%
eye
97.9%
electric
97.9%
electric
97.9%
eye
97.9%
electric
97.9%
Electric
97.9%
Eye
97.9%
a
96.9%
the
96.5%
the
96.5%
the
96.5%
the
96.5%
the
96.5%
the
96.5%
I'm
95.5%
you
95.5%
you
95.5%
You
95.5%
I'm
95.5%
I'm
95.5%
I'm
95.5%
I'm
95.5%
You
95.5%
you
95.5%
you
95.5%
I'm
95.5%
I'm
95.5%
I'm
95.5%
I'm
95.5%
you
95.5%
I'm
95.5%
I'm
95.5%
I'm
95.5%
I'm
95.5%
I'm
95.5%
in
95.1%
in
95.1%
in
95.1%
In
95.1%
do
93.4%
do
93.4%
My
91.3%
My
91.3%
my
91.3%
My
91.3%
% Correct
My
91.3%
my
91.3%
my
91.3%
My
91.3%
on
89.2%
of
87.1%
of
87.1%
of
87.1%
of
87.1%
no
86.1%
down
85.7%
space
85.4%
There
84.7%
there
84.7%
there
84.7%
Up
84.3%
looking
84.3%
is
81.9%
country
81.2%
clean
81.2%
country
81.2%
clean
81.2%
country
81.2%
clean
81.2%
here
80.8%
nothing
80.8%
nothing
80.8%
am
80.5%
keep
80.5%
spy
80.5%
am
80.5%
keep
80.5%
spy
80.5%
am
80.5%
keep
80.5%
spy
80.5%
spy
80.5%
all
80.1%
all
80.1%
made
79.4%
metal
79.4%
made
79.4%
metal
79.4%
every
79.4%
made
79.4%
metal
79.4%
can
77.4%
can
77.4%
everything
76.7%
think
76%
Think
76%
watching
75.3%
perpetual
74.9%
perpetual
74.9%
perpetual
74.9%
your
74.6%
your
74.6%
time
74.2%
circuits
73.5%
circuits
73.5%
circuits
73.5%
% Correct
escape
72.8%
know
70%
gleam
69.3%
gleam
69.3%
gleam
69.3%
protected
68.3%
protected
68.3%
protected
68.3%
true
67.9%
lasers
67.6%
elected
66.9%
elected
66.9%
elected
66.9%
elected
66.9%
elected
66.9%
trace
65.9%
don't
64.5%
kind
64.1%
private
63.8%
it
63.4%
that
62.4%
feel
61.7%
Feel
61.7%
Always
60.3%
stare
60.3%
stare
60.3%
Always
60.3%
But
59.6%
focus
58.9%
sky
57.8%
about
57.8%
take
56.8%
lives
55.4%
into
53.3%
secret
53%
can't
51.9%
pictures
51.9%
prove
51.9%
There's
49.8%
you've
49.5%
moves
48.8%
and
48.1%
And
48.1%
zoom
47%
retina
45.6%
takes
45.3%
pride
44.6%
probing
40.8%
so
40.1%
tearless
39.7%
power
39.4%
detective
36.9%
thought
35.2%
grows
35.2%
protective
33.4%
expose
32.8%
upon
28.9%
Develop
26.1%
feed
24.7%
Quiz Playlist
Details
Report
Send in Message
Add To Playlist
Classic:
Type in answers that appear in a list
Quiz Source
Last Updated: Feb 16, 2017
Quiz Scoreboard
CHALLENGE
Sign Up to Join the Scoreboard
Show All
Scores
Hide
Comments
May contain spoilers
Recently Published
Image Sorting: Flags VI
by Barbecue
Geography
2m
Find the 'City' Movie
by crazypaving
Movies
60s
Colored Red Africa Blitz
by spor1
Geography
45s
More to Explore
Quiz From the Vault
Featured Blog Post
14 Easter Pick-up Lines to Find Eggs With
hide this ad
You Might Also Like...
Tags
Lyrics Quiz
Figure Out the Lyrics
Heavy Metal
Judas Priest
Metal Bands
Metal Songs
Today's Top Quizzes in Music
Browse Music
hide this ad
Today's Top Quizzes in Lyrics
Browse Lyrics
Top Contributed Quizzes in Music
1
5X2 Blitz: Bands II
2
5X2 Blitz: The Beatles
3
Taylor Swift All Songs (2024)
4
5X2 Blitz: Billboard
5
5X2 Blitz: Billboard II
6
5X2 Blitz: Album
7
5X2 Blitz: Rock
8
5X2 Blitz: Singers
9
Taylor Swift Logic Puzzle II
10
5X2 Blitz: Lyrics
Explore More
Trending Topics
Kpop
Crossword
Harry Potter
Marvel
Anime
Disney
NBA
Song
NFL
Soccer
WWE
Pokémon
The Office
Country
Puzzle
hide this ad
More By:
clinteldorado
Quiz
Plays
Rating
Category
Featured
Created
'Electric Eye' Lyrics
287
5.00
Music
Dec 16, 2014
Go to Creator's Profile
Score Distribution
Quiz Creator Spotlight
clinteldorado
Follow
Send a Message
Quizzes Created
-
Created Quiz Play Count
-
More By This Creator
Popular Quizzes Today
1
Colored Red Africa Blitz
2
Find the US States - No Outlines Minefield
3
Find the 'City' Movie
4
5x2 Blitz: Bands
5
The Countries of the World
6
Find the US States
7
Find the Countries of Europe - No Outlines Minefield
8
US States
More Music Quizzes
Can You Fill Me In? 1970s Songs V
Quiz Lab
Trending Quizzes
Colored Red Europe Blitz I
Colored Red Europe Blitz II
Colored Red Africa Blitz II
Colored Red Europe Blitz III
Colored Red Africa Blitz III
Recently Updated
How Do You Spell That?
pecheneg
Godzilla Movies
pecheneg
Grab Bag: 4-10 Letters
pecheneg
2024 March Madness Bracket
pecheneg
Famous TV Couples
Peacemaker
Champions League XIs: Real Madrid
pecheneg
Largest US Cities 1790-2010
pecheneg
Rides in Walt Disney World
pecheneg
Most Oscar Losses (Acting)
pecheneg
Beyoncé Albums
pecheneg
Trending Topics
Anime
Crossword
Marvel
Kpop
Disney
NBA
Harry Potter
Puzzle
Country
Pokémon
Song
The Office
Soccer
WWE
NFL
Your Account Isn't Verified!
In order to create a playlist on Sporcle, you need to verify the email address you used during registration. Go to your
Sporcle Settings
to finish the process.
Report this User
Report this user for behavior that violates our
Community Guidelines
.
Details:
Send Report
Go to the Sporcle.com Mobile Site →
Comments